| 000 | 00497nam a2200181Ia 4500 | ||
|---|---|---|---|
| 999 |
_c32493 _d32493 |
||
| 003 | OSt | ||
| 005 | 20200727104603.0 | ||
| 008 | 190216s9999||||xx |||||||||||||| ||und|| | ||
| 020 | _a9788126547012 | ||
| 040 | _coclc | ||
| 082 |
_a519.5 _bSEA/L |
||
| 100 |
_aSearle, S R _93760 |
||
| 245 | 0 |
_aLinear Models / _cS R Searle |
|
| 260 |
_bWiley Computer Press, _c2014. _aNew Delhi: |
||
| 300 | _a532p | ||
| 650 | _aMathe Matics | ||
| 942 |
_cBK _2ddc _h519.5 _iSEA/L _k519.5 _mSEA/L |
||